[Event "AUTO-LOW-07"]
[Site "http://www.queenalice.com/game.php?id=6809"]
[Date "2005.3.12"]
[Round "1"]
[White "supergenius"]
[Black "diego2907"]
[Result "0-1"]
[WhiteElo "1356"]
[BlackElo "1653"]

1. e4 e5 2. f4 exf4 3. Nf3 Bc5 4. d4 Bb4+ 5. Bd2 Bxd2 6. Nbxd2 d6 7. Bd3 Nc6 8.
d5 Qf6 9. Rb1 Nb4 10. a3 Nxd3+ 11. cxd3 Qg6 12. Qe2 Nf6 13. O-O Bh3 14. Nh4 Qg4
15. Qf2 g5 16. Qf3 gxh4 17. Qxg4 Bxg4 18. Rxf4 Ke7 19. Rbf1 Nh5 20. Rxg4 h3 21.
Rh4 hxg2 22. Kxg2 Rag8+ 23. Kh1 Nf6 24. Rhf4 Rg6 25. Rf5 Rhg8 26. e5 dxe5 27.
Rxe5+ Kd7 28. Ref5 Ke7 29. Ne4 Nxe4 30. dxe4 f6 31. e5 fxe5 32. Rf7+ Kd6 33.
R7f2 Kxd5 34. Rd1+ Ke6 35. Rff1 h5 36. Rc1 c6 37. b4 Rg2 0-1

[Event "Evening out my games"]
[Site "http://www.queenalice.com/game.php?id=7031"]
[Date "2005.3.16"]
[Round "-"]
[White "supergenius"]
[Black "mdsawyermd"]
[Result "0-1"]
[WhiteElo "1284"]
[BlackElo "1701"]

1. e4 d6 2. d4 Nf6 3. Nc3 g6 4. Nf3 Bg7 5. Be3 O-O 6. Be2 e5 7. O-O Nc6 8. Bb5
exd4 9. Bxd4 Nxd4 10. Nxd4 Bg4 11. Be2 Bxe2 12. Qxe2 Re8 13. Rfe1 d5 14. e5 Ne4
0-1

[Event "Click if you wanna play"]
[Site "http://www.queenalice.com/game.php?id=7365"]
[Date "2005.3.20"]
[Round "-"]
[White "supergenius"]
[Black "appalachia"]
[Result "1-0"]
[WhiteElo "1264"]
[BlackElo "1060"]

1. d4 d5 2. c4 Bf5 3. Nc3 Nf6 4. e3 dxc4 5. Bxc4 Be6 6. Bd3 Nd5 7. Bd2 Nxc3 8.
Bxc3 Qd5 9. Nf3 Bg4 10. h3 Bxf3 11. gxf3 Nc6 12. e4 Qg5 13. f4 Qxf4 14. O-O
O-O-O 15. Bd2 Qd6 16. d5 Ne5 17. Be3 Nxd3 18. Qxd3 e5 19. Qd1 f5 20. Qa4 a6 21.
exf5 Qxd5 22. Rad1 Qb5 23. Rxd8 Kxd8 24. Qd1 Bd6 25. Bg5 Kc8 26. Qg4 Kb8 27. f6
gxf6 28. Bxf6 Re8 29. Qh5 Be7 30. Bxe5 Bg5 31. Qxg5 Rxe5 32. Qd8 Ka7 33. Qd4 Qc5
34. Qxc5 Rxc5 35. f4 Rf5 36. Kg2 h5 37. Kf3 a5 38. Ke4 Rb5 39. f5 Rb4+ 40. Ke5
Rxb2 41. f6 Re2+ 42. Kf5 Re8 43. f7 Rf8 44. Ke6 1-0

[Event "AUTO-INT-02"]
[Site "http://www.queenalice.com/game.php?id=7884"]
[Date "2005.3.26"]
[Round "1"]
[White "supergenius"]
[Black "ronisj"]
[Result "0-1"]
[WhiteElo "1255"]
[BlackElo "1500"]

1. d4 d5 2. c4 c5 3. Nc3 e6 4. cxd5 cxd4 5. Qxd4 Qd6 6. e4 Nf6 7. Nf3 exd5 8.
exd5 Nbd7 9. Be2 Be7 10. Bf4 Qb4 11. Qxb4 Bxb4 12. O-O O-O 13. Rad1 Bxc3 14.
bxc3 Nb6 15. d6 Ne4 16. Be5 Nxc3 17. Bxc3 f6 18. Bb5 a6 19. Bb4 axb5 20. d7 Nxd7
21. Bxf8 Nxf8 22. Rd8 b6 23. Rc1 Rxa2 24. Rdxc8 b4 0-1

[Event "AUTO-INT-02"]
[Site "http://www.queenalice.com/game.php?id=7885"]
[Date "2005.3.26"]
[Round "1"]
[White "ronisj"]
[Black "supergenius"]
[Result "1-0"]
[WhiteElo "1506"]
[BlackElo "1249"]

1. e4 e5 2. Qf3 Nc6 3. Bc4 Nf6 4. c3 d6 5. Ne2 Be6 6. Bxe6 fxe6 7. O-O d5 8. d3
Be7 9. Rd1 O-O 10. d4 Nxe4 11. Qg4 Nxf2 12. Qxe6+ Kh8 13. Nf4 exf4 14. Kxf2 Bh4+
15. Kg1 Re8 16. Qg4 Re1+ 17. Rxe1 Bxe1 18. Qxf4 Qh4 19. g3 Qxf4 20. Bxf4 Rf8 21.
Bxc7 Bf2+ 22. Kg2 Be3 23. Na3 Bh6 24. Rf1 Kg8 25. Rxf8+ 1-0

[Event "AUTO-INT-02"]
[Site "http://www.queenalice.com/game.php?id=7886"]
[Date "2005.3.26"]
[Round "1"]
[White "supergenius"]
[Black "Pestilence"]
[Result "0-1"]
[WhiteElo "1270"]
[BlackElo "1548"]

1. d4 Nf6 2. Nf3 d5 3. e3 e6 4. Bd3 b6 5. O-O Bb7 6. Nc3 g6 7. Re1 Bg7 8. e4
dxe4 9. Nxe4 Nxe4 10. Bxe4 Bxe4 11. Rxe4 Nc6 12. c3 Qd5 13. Re1 O-O 14. Qd3 Rad8
15. Be3 Ne5 16. Qe2 Nc4 17. Bg5 Rd7 18. Rab1 c5 19. Rbd1 Nd6 0-1

[Event "AUTO-INT-02"]
[Site "http://www.queenalice.com/game.php?id=7887"]
[Date "2005.3.26"]
[Round "1"]
[White "Pestilence"]
[Black "supergenius"]
[Result "1-0"]
[WhiteElo "1333"]
[BlackElo "1284"]

1. e4 e5 2. f4 d6 3. Nf3 Nf6 4. h3 Nc6 5. Bb5 Bd7 6. d4 a6 7. Bxc6 Bxc6 8. fxe5
dxe5 9. d5 Bd7 10. Nxe5 Nxe4 11. Be3 Qh4+ 12. Kf1 Ng3+ 13. Kg1 O-O-O 14. Nxf7
Nxh1 15. Nxh8 Re8 16. Qf3 1-0

[Event "AUTO-INT-02"]
[Site "http://www.queenalice.com/game.php?id=7888"]
[Date "2005.3.26"]
[Round "1"]
[White "supergenius"]
[Black "MePa"]
[Result "0-1"]
[WhiteElo "1372"]
[BlackElo "1377"]

1. e4 Nc6 2. d4 e6 3. Nc3 d5 4. e5 f5 5. Nf3 Bb4 6. Bd2 Bd7 7. a3 Ba5 8. Be2 Bb6
9. Be3 Na5 10. Bb5 h6 11. Bxd7+ Qxd7 12. O-O Nc4 13. Qc1 O-O-O 14. Bf4 g5 15. b3
g4 16. bxc4 gxf3 17. cxd5 fxg2 18. dxe6 gxf1=Q+ 19. Qxf1 Qxe6 20. d5 Qg6+ 21.
Bg3 f4 22. Qd3 Qxd3 0-1

[Event "AUTO-INT-02"]
[Site "http://www.queenalice.com/game.php?id=7889"]
[Date "2005.3.26"]
[Round "1"]
[White "MePa"]
[Black "supergenius"]
[Result "0-1"]
[WhiteElo "1381"]
[BlackElo "1334"]

1. d4 d5 2. Nf3 e6 3. Bg5 Be7 4. Bxe7 Nxe7 5. c4 O-O 6. c5 Nbc6 7. Nc3 Rb8 8.
Qd3 b6 9. b3 bxc5 10. dxc5 e5 11. e4 d4 12. Ne2 Nb4 13. Qc4 Be6 14. Qxe6 fxe6
15. Nxe5 Nc2+ 0-1

[Event "click to play"]
[Site "http://www.queenalice.com/game.php?id=7971"]
[Date "2005.3.28"]
[Round "-"]
[White "atomic"]
[Black "supergenius"]
[Result "1-0"]
[WhiteElo "1452"]
[BlackElo "1332"]

1. e4 e5 2. Nf3 d6 3. d4 Nc6 4. Bb5 Bd7 5. d5 Nd4 6. Bxd7+ Qxd7 7. Nxd4 exd4 8.
Qxd4 Be7 9. Qxg7 Bf6 10. Qg3 O-O-O 11. Bg5 Bxg5 12. Qxg5 Re8 13. Nc3 Qe7 14.
Qxe7 Nxe7 15. O-O 1-0

[Event "AUTO-INT-03"]
[Site "http://www.queenalice.com/game.php?id=8437"]
[Date "2005.4.1"]
[Round "1"]
[White "ashmaster"]
[Black "supergenius"]
[Result "0-1"]
[WhiteElo "1193"]
[BlackElo "1243"]

1. e4 e5 2. c4 Nf6 3. Nc3 Bb4 4. Qc2 Bxc3 5. bxc3 O-O 6. Nf3 d6 7. Be2 Be6 8. d4
c6 9. d5 Bd7 10. Ba3 c5 11. O-O Qe8 12. Rab1 Bc8 0-1

[Event "AUTO-INT-03"]
[Site "http://www.queenalice.com/game.php?id=8438"]
[Date "2005.4.1"]
[Round "1"]
[White "supergenius"]
[Black "ashmaster"]
[Result "1-0"]
[WhiteElo "1257"]
[BlackElo "1179"]

1. d4 d5 2. c4 Nf6 3. Nc3 Bf5 4. e3 Nc6 5. Nf3 Nb4 6. Ke2 Bd3+ 7. Kd2 Bxf1 8.
Rxf1 dxc4 9. a3 Nbd5 10. Nxd5 Qxd5 11. Ke1 e6 12. Qc2 1-0

[Event "AUTO-INT-03"]
[Site "http://www.queenalice.com/game.php?id=8453"]
[Date "2005.4.1"]
[Round "1"]
[White "supergenius"]
[Black "millie"]
[Result "0-1"]
[WhiteElo "1332"]
[BlackElo "1279"]

1. d4 d5 2. c4 dxc4 3. Nc3 c6 4. e3 b5 5. a4 b4 6. Nce2 Qa5 7. Bd2 g6 8. Qc1 Ba6
9. Qc2 e6 10. Ng3 f5 11. Bxc4 Bc8 12. Qb3 Bd6 13. Bxe6 Ne7 14. Bxc8 Nxc8 15.
N1e2 Ne7 16. O-O h5 17. Rfc1 h4 0-1

[Event "AUTO-INT-03"]
[Site "http://www.queenalice.com/game.php?id=8454"]
[Date "2005.4.1"]
[Round "1"]
[White "millie"]
[Black "supergenius"]
[Result "1-0"]
[WhiteElo "1259"]
[BlackElo "1352"]

1. d4 d5 2. e3 e6 3. Bb5+ Bd7 4. Bd3 Nf6 5. f3 Bd6 6. g4 O-O 7. g5 Ne8 8. h4 c5
9. f4 c4 10. Be2 Nc6 11. c3 b5 12. b4 a5 13. Bh5 g6 14. Bg4 axb4 15. h5 bxc3 16.
Nxc3 b4 17. Na4 Nxd4 18. Nb2 c3 19. Nd3 c2 20. Qd2 1-0

[Event "AUTO-INT-03"]
[Site "http://www.queenalice.com/game.php?id=8455"]
[Date "2005.4.1"]
[Round "1"]
[White "supergenius"]
[Black "Eagle"]
[Result "0-1"]
[WhiteElo "1288"]
[BlackElo "1253"]

1. e4 e5 2. f4 exf4 3. Nf3 h6 4. d3 g5 5. h3 Bg7 6. Nc3 c6 7. Bd2 Nf6 8. h4 gxh4
9. Rxh4 Qc7 10. Bxf4 d6 11. e5 Nd5 12. Nxd5 cxd5 13. Qd2 Qb6 14. Bxh6 Qxb2 0-1

[Event "AUTO-INT-03"]
[Site "http://www.queenalice.com/game.php?id=8456"]
[Date "2005.4.1"]
[Round "1"]
[White "Eagle"]
[Black "supergenius"]
[Result "1-0"]
[WhiteElo "1270"]
[BlackElo "1271"]

1. e4 e5 2. Nf3 d6 3. Bc4 Nf6 4. d3 h6 5. Nc3 c6 6. O-O d5 7. Nxe5 dxc4 8. Nxc4
Be6 9. e5 Nd5 10. Nxd5 Bxd5 11. Ne3 Bc5 12. d4 Be7 13. Nf5 Bb4 14. Nxg7+ 1-0